00321nam a2200133Ia 4500008004100000020001800041041000800059082001600067100002000083245002000103250000600123260004900129300000900178210716s2011 xx 000 0 und d a9788183713429 aeng a004.69 PRIS aPriya, S Padma. aWeb technology. a1 aChennaibScitech Publications Pvt Ltd.c2011 a8.25